Damso - Chansons de l'album Batterie faible - Statistiques

Statistiques générales
  • Ce quiz a été pris 75 fois
  • Le résultat moyen est 9 sur 14
Statistiques - réponses
Hint Réponse % Correct
Batterie faible 10 BruxellesVie
84%
Batterie faible 11 Autotune
83%
Batterie faible 3 Exutoire
81%
Batterie faible 1 Périscope
79%
Batterie faible 2 Débrouillard
78%
Batterie faible 7 Amnésie
76%
Batterie faible 8 Graine de Sablier
76%
Batterie faible 12 Monde
72%
Batterie faible 5 Sombre
60%
Batterie faible 4 Quotidien de baisé
57%
Batterie faible 9 Beautiful
55%
Batterie faible 6 QuedelaVie
52%
Batterie faible Bonus Track Jean Reno
26%
Batterie faible Bonus Track Iscariote (feat. Lio Brown)
12%
Aucun quiz correspondant
Distribution des résultats
% des personnes avec chaque résultat
Percentile par nombre de réponses
Votre historique - résultats
Vous n’avez pas pris ce quiz